Bardkontakt 1995 : problematika mestských pamiatkových centier
Salvato in:
| Natura: | Libro |
|---|---|
| Pubblicazione: |
Bardejov :
Mestský úrad,
1995
|
| Soggetti: | |
| Tags: |
Nessun Tag, puoi essere il primo ad aggiungerne!!
|
MARC
| LEADER | 00000nam a22000003a 4500 | ||
|---|---|---|---|
| 001 | stu121717 | ||
| 005 | 20141122162622.1 | ||
| 008 | 060622s1995----------------------------d | ||
| 040 | |a STU |b slo | ||
| 041 | 0 | ||
| 245 | |a Bardkontakt 1995 : |b problematika mestských pamiatkových centier | ||
| 260 | |a Bardejov : |b Mestský úrad, |c 1995 | ||
| 300 | |a nestr | ||
| 650 | 7 | |a Bardejov |2 stusub | |
| 650 | 7 | |a ochrana pamiatok |2 stusub | |
| 650 | 7 | |a obnova pamiatok |2 stusub | |
| 996 | |b 284AB00287 |c A*1192 B |l AAKNAR |s A |a 24 |w stu121717_0001 | ||